000 00868cab a2200217 4500
001 ##ABS52796
008 090401t1995 xxu||||| |||| 00| 0 eng d
035 _a(Sirsi) u250
041 0 _aeng
100 1 _aPlumb of Coleshill, Charles Henry Plumb
_dBaron
_c1925-
245 0 0 _aLong-term outlook
260 _c1995
350 _a0
490 0 _aCountry Landowner
_vApril 1995, 18(1)
520 _aThe Chairman of the Agricultural Mortgage Corporation is confident about long-term lending although he thinks that land values will fall soon and not rise again for some time.
520 _aThis article is no longer held by the RICS Library but may be available via inter-library loan. Please ask Library staff for details.
651 4 _aGREAT BRITAIN
690 _aPROPERTY-RURAL AND NATURAL ASSETS-RURAL AND NATURAL ASSET MARKET
942 _n0
948 _c04/03/1997
999 _c97
_d97